00318nam a2200133Ia 45000030006000000080041000060400015000471000017000622450036000792500010001152600030001255460012001550050017001670STCL150530s9999 xx 000 0 und d aSTCLcSTCL aEdward Baugh aCritics on caribbean literature aFirst bGeorge Allen and Unwinc0 aEnglish20220125170858.0